| 000 | 01210cam a22003254a 4500 | ||
|---|---|---|---|
| 008 | 031203s2004 njua b 001 0 eng | ||
| 010 | _a 2003066085 | ||
| 020 | _a0691114471 (cloth : alk. paper) | ||
| 040 |
_aDLC _cDLC _dDLC |
||
| 043 | _aa-ja--- | ||
| 050 | 0 | 0 |
_aHG187.J3 _bA49 2004 |
| 082 | 0 | 0 |
_a332.10952 _222 |
| 092 | 0 | 4 |
_a332.10952 _bA531 _221 |
| 099 |
_a04 _a332.10952 A531 |
||
| 100 | 1 | _aAmyx, Jennifer Ann. | |
| 245 | 1 | 0 |
_aJapan's financial crisis : _binstitutional rigidity and reluctant change / _cJennifer A. Amyx. |
| 260 |
_aPrinceton : _bPrinceton University Press, _cc2004. |
||
| 300 |
_axix, 365 p. : _bill. ; _c24 cm. |
||
| 504 | _aIncludes bibliographical references (p. 341-359) and indexes. | ||
| 650 | 0 |
_aBanks and banking _zJapan. |
|
| 650 | 0 |
_aFinance _zJapan. |
|
| 650 | 0 |
_aFinancial crises _zJapan. |
|
| 856 | 4 | 2 |
_3Contributor biographical information _uhttp://www.loc.gov/catdir/enhancements/fy0734/2003066085-b.html |
| 856 | 4 | 2 |
_3Publisher description _uhttp://www.loc.gov/catdir/description/prin051/2003066085.html |
| 902 | _a1 | ||
| 905 |
_aGehan _eRev. |
||
| 905 |
_aJamal _eCat. |
||
| 942 |
_2ddc _cBK |
||
| 999 |
_c128143 _d128143 |
||